00463nam a2200133Ia 4500082001800000100002200018245012500040260005200165300001300217504001900230650002300249650003300272650002400305 a923.254 SUB-M aSubramanyam, C.S; 0aM.P.T. Acharya:his life and times:revolutionary trends in the early anti-imperialist movements in South India and Abroad aMadrasbInstitute of South Indian Studiesc1995 av, 309p. aIncludes index aSocialists - India aArcharya, M.P.T. - Biography aPoliticians - India